000 00939nam a2200277 i 4500
001 000016639
003 DO-SdBNP
005 20231018135636.0
007 ta
008 100308s1984 dr r 000 0 spa d
040 _aDO-SdBNP
_bspa
_cBNPHU
_erda
082 4 _a460.07
_bJ61i
_222
100 1 _aJiménez Díaz, Carlos,
_d1943-
_eautor
_91045
245 1 0 _aIncorrecciones al relieve /
_cCarlos Jímenez Díaz.
264 1 _aSanto Domingo :
_bAlfa y Omega,
_c1984.
300 _a179 páginas ;
_c22 cm.
336 _2rdacontent
_atexto
_btxt
337 _2rdamedia
_asin mediación
_bn
338 _2rdacarrier
_avolumen
_bnc
500 _aIncluye datos biográficos del autor en solapa de la cubierta
590 _aInventariado, 2018/BT
650 4 _aEspañol
_xEnseñanza
_xModismos, vicios de dicción, etc.
_936962
650 4 _aEspañol
_xGramática
_xEstudio
_936963
910 _aValidado. control de calidad. MFF
942 _2ddc
_cLBS1
999 _c16172
_d16172